000 00583nam a22001817a 4500
999 _c10403
_d10403
003 AR-CdUCM
008 190401b ||||| |||| 00| 0 spa d
040 _aMUNICIPALIDAD PROVINCIAL DEL CUSCO
_cBIBLIOTECA MUNICIPAL DEL CUSCO
082 _aEP / 372.036 /
_bN29
245 _aNuevo Amanecer 2 :
_bEnciclopedia Escolar /
260 _aLima :
_bEditorial Navarrete,
300 _a352 paginas ;
_c27 cm.
505 _aContenido :Naturaleza comunidad y trabajo /
650 _aEducación primaria
_91561
700 _aLuis Navarrete L.
_927238
942 _2ddc
_cLIBROS
945 _arjall